000 01285nji a22002777a 4500
005 20100909152748.0
006 a|||||r|||||00| 0
007 sd ammalaaahaa
008 100830t xxu||||| |||| 00| 0 eng d
028 _aN.55214
_bHis Master's Voice
035 _aGR-01615
040 _aSED
_cSED
100 _917455
_aHusain, Nasir
245 _aTeesri manzil /
_cby Nasir Husain Films; sung by Mohammad Rafi; music dtn by Rahul Dev Burman; lyric by Majrooh
_h[sound recording] :
246 _aतीसरी मंजिल / नासिर हुसैन फिल्म्स द्वारा
260 _aDum Dum, India
_bHis Master's Voice
_c1966
300 _a1 sound disc [Gramophone Recording]:
_banalog, 33 1/3 rpm
_c9.5 in. (MP)
_fGramophone Record
500 _aBrief Record
505 _aSide-1 तुमने मुझे देखा (Tumne mujhe dekha) (Mohammad Rafi) Side-2 मैं हूँ प्यार तेरा (Main hoon pyar tera) (Asha Bhosle and Mohammad Rafi)
650 _aMotion Picture Music
_zIndia
_91186
_xExcerpts
700 _aMohammad Rafi
_919062
700 _aBurman, Rahul Dev
_919079
700 _aMajrooh
_919159
942 _2ddc
_cGR
999 _c44888
_d44888